| 000 | 00554nam a2200181 i 4500 | ||
|---|---|---|---|
| 001 | 80798 | ||
| 003 | ES-MaACL | ||
| 005 | 20230906174312.0 | ||
| 007 | t| | ||
| 008 | 041029s1965 sp ||||1| spa d | ||
| 100 | 1 |
_aHonore, Pierre. _964136 |
|
| 245 | 1 | 3 |
_aLa leyenda de los dioses blancos / _cPierre Honore ; [traducción del alemán por Jaime Gascón]. |
| 250 | _a[1ª ed.]. | ||
| 260 |
_aBarcelona : _bDestino, _c[1965] |
||
| 300 |
_a366 p., 69 lám. : _bil. ; _c25 cm. |
||
| 700 | 1 |
_aGascón, Jaime. _955852 |
|
| 852 |
_aES-MaACL _jC-28421 _bR.57516 |
||
| 999 |
_c80798 _d80798 |
||